Social change in modern France : towards a cultural anthropology of the Fifth Republic /

Bibliographic Details
Main Author: Mendras, Henri
Other Authors: Cole, Alistair, 1959-
Format: Book
Language:English
Published: Cambridge [England] ; New York : Paris : Cambridge University Press ; Editions de la maison des sciences de l'homme, 1991.
Subjects:

MARC

Tag First Indicator Second Indicator Subfields
LEADER 00000cam a2200000 a 4500
001 in00001007274
005 20150927215053.0
008 900207s1991 enkab b 00110 eng
010 |a  90001493  
020 |a 0521391083 (hardback) 
020 |a 052139998X (paperback) 
035 |a (OCoLC)21116777 
035 |9 AFD5700AM 
040 |a DLC  |c DLC  |d TXA  |d UtOrBLW 
043 |a e-fr--- 
049 |a TXAM 
050 0 0 |a GN585.F8  |b M46 1991 
082 0 0 |a 306/.0944  |2 20 
100 1 |a Mendras, Henri. 
245 1 0 |a Social change in modern France :  |b towards a cultural anthropology of the Fifth Republic /  |c Henri Mendras with Alistair Cole. 
264 1 |a Cambridge [England] ;  |a New York :  |b Cambridge University Press ;  |a Paris :  |b Editions de la maison des sciences de l'homme,  |c 1991. 
300 |a viii, 254 pages :  |b illustrations, maps ;  |c 23 cm. 
336 |a text  |b txt  |2 rdacontent 
337 |a unmediated  |b n  |2 rdamedia 
338 |a volume  |b nc  |2 rdacarrier 
500 |a Originally published in French as: La Seconde Révolution française. Paris : Gallimard, 1988. 
504 |a Includes bibliographical references (pages 247-251) and index. 
536 |a Dr. Paul P. Van Riper Collection Department of Political Science. 
650 0 |a Ethnology  |z France. 
651 0 |a France  |x History  |y 1958- 
651 0 |a France  |x Social life and customs. 
700 1 |a Cole, Alistair,  |d 1959- 
999 |a MARS 
999 f f |s d2e56860-066c-3ec8-8d20-0eda82f60c3e  |i a27e7a76-59bc-3d69-a114-6290fd2108fd  |t 0 
952 f f |p ric  |a Texas A&M University  |b Rellis Campus  |c Joint Library Facility  |d Remote Storage  |t 0  |e GN585.F8 M46 1991  |h Library of Congress classification  |i unmediated -- volume  |m A14814733214 
998 f f |a GN585.F8 M46 1991  |t 0  |l Remote Storage